|
|
|
|
| LEADER |
00000cam a2200000 a 4500 |
| 001 |
24196 |
| 003 |
CZ-ZlUTB |
| 005 |
20190825234634.0 |
| 008 |
030910s2003 xr a r 001 0 cze d |
| 020 |
|
|
|a 8072610872
|q (brož.)
|
| 040 |
|
|
|a ZLD002
|b cze
|c ZLD002
|d ZLD002
|
| 072 |
|
7 |
|a 657
|x Účetnictví
|2 Konspekt
|9 4
|
| 080 |
|
|
|a 657:005
|2 MRF
|
| 080 |
|
|
|a 005.21
|2 MRF
|
| 080 |
|
|
|a (035)
|2 MRF
|
| 100 |
1 |
|
|a Šoljaková, Libuše
|7 jn20010310454
|4 aut
|
| 245 |
1 |
0 |
|a Manažerské účetnictví pro strategické řízení /
|c Libuše Šoljaková
|
| 250 |
|
|
|a 1. vyd.
|
| 260 |
|
|
|a Praha :
|b Management Press,
|c 2003
|
| 300 |
|
|
|a 145 s. :
|b il. ;
|c 24 cm
|
| 504 |
|
|
|a Obsahuje bibliografii, bibliografické odkazy a rejstřík
|
| 650 |
0 |
7 |
|a manažerské účetnictví
|7 ph115220
|2 czenas
|
| 650 |
0 |
7 |
|a strategický management
|7 ph116291
|2 czenas
|
| 650 |
0 |
9 |
|a managerial accounting
|2 eczenas
|
| 650 |
0 |
9 |
|a strategic planning
|2 eczenas
|
| 655 |
|
7 |
|a příručky
|7 fd133209
|2 czenas
|
| 655 |
|
9 |
|a handbooks, manuals, etc.
|2 eczenas
|
| 910 |
|
|
|a ZLD002
|
| 952 |
|
|
|0 0
|1 0
|4 0
|6 657ŠOLJAKOVÁL
|7 0
|8 BOOK
|9 45712
|a UTBZL
|b UTBZL
|c 030
|d 2006-07-29
|l 0
|o 657/ŠOLJAKOVÁ,L.
|p 420010080706
|r 2019-08-25 00:00:00
|v 230.00
|w 2019-08-25
|x N:nákup - dotace KFMZ 2003 | 20100831
|y 05
|
| 952 |
|
|
|0 0
|1 0
|4 0
|6 657ŠOLJAKOVÁL
|7 0
|8 BOOK
|9 45713
|a UTBZL
|b UTBZL
|c 006
|d 2006-07-29
|l 33
|m 1
|o 657/ŠOLJAKOVÁ,L.
|p 420010080707
|r 2022-03-07 00:00:00
|s 2022-02-04
|v 230.00
|w 2019-08-25
|x N:nákup - dotace KFMZ 2003 | 20100831
|y 04
|
| 952 |
|
|
|0 0
|1 0
|4 0
|6 657ŠOLJAKOVÁL
|7 0
|8 BOOK
|9 45714
|a UTBZL
|b UTBZL
|c 006
|d 2006-07-29
|l 32
|o 657/ŠOLJAKOVÁ,L.
|p 420010080708
|r 2019-08-25 00:00:00
|v 230.00
|w 2019-08-25
|x N:nákup - dotace KFMZ 2003 | 20100831
|y 04
|
| 952 |
|
|
|0 0
|1 0
|4 0
|6 657ŠOLJAKOVÁL
|7 0
|8 BOOK
|9 45715
|a UTBZL
|b UTBZL
|c 006
|d 2006-07-29
|l 7
|o 657/ŠOLJAKOVÁ,L.
|p 420010080748
|r 2019-11-21 00:00:00
|s 2019-10-31
|v 230.00
|w 2019-08-25
|x N:nákup, převod z FaME Paseková 24.6.2015; | 20100430
|y 04
|
| 952 |
|
|
|0 0
|1 0
|4 0
|6 657ŠOLJAKOVÁL
|7 0
|8 BOOK
|9 45716
|a UTBZL
|b UTBZL
|c 006
|d 2006-07-29
|l 26
|m 2
|o 657/ŠOLJAKOVÁ,L.
|p 420010088692
|r 2023-11-14 00:00:00
|s 2023-10-10
|v 230.00
|w 2019-08-25
|x N:nákup, převod z FAME/Hurta; | 20100430
|y 04
|
| 952 |
|
|
|0 0
|1 0
|4 0
|6 657ŠOLJAKOVÁL
|7 0
|8 BOOK
|9 45717
|a UTBZL
|b UTBZL
|c 006
|d 2006-07-29
|l 41
|o 657/ŠOLJAKOVÁ,L.
|p 420010093881
|r 2019-08-25 00:00:00
|v 230.00
|w 2019-08-25
|x N:nákup | 20100831
|y 04
|
| 952 |
|
|
|0 0
|1 0
|4 0
|6 657ŠOLJAKOVÁL
|7 0
|8 BOOK
|9 45718
|a UTBZL
|b UTBZL
|c 006
|d 2006-07-29
|l 31
|o 657/ŠOLJAKOVÁ,L.
|p 420010093882
|r 2023-10-12 00:00:00
|v 230.00
|w 2019-08-25
|x N:nákup | 20100831
|y 04
|
| 952 |
|
|
|0 0
|1 0
|4 0
|6 657ŠOLJAKOVÁL
|7 0
|8 BOOK
|9 45719
|a UTBZL
|b UTBZL
|c 006
|d 2006-07-29
|l 35
|m 2
|o 657/ŠOLJAKOVÁ,L.
|p 420010095180
|r 2025-06-10 00:00:00
|s 2025-04-05
|v 230.00
|w 2019-08-25
|x N:nákup
|y 04
|
| 952 |
|
|
|0 0
|1 0
|4 0
|6 657ŠOLJAKOVÁL
|7 0
|8 BOOK
|9 45720
|a UTBZL
|b UTBZL
|c 010
|d 2006-07-29
|l 0
|o 657/ŠOLJAKOVÁ,L.
|p 420010082803
|q 2099-12-31
|r 2019-08-25 00:00:00
|v 230.00
|w 2019-08-25
|x 20100430
|y 08
|
| 952 |
|
|
|0 0
|1 0
|4 0
|6 657ŠOLJAKOVÁL
|7 0
|8 BOOK
|9 45723
|a UTBZL
|b UTBZL
|c 010
|d 2006-07-29
|l 0
|o 657/ŠOLJAKOVÁ,L.
|p 420010093517
|q 2099-12-31
|r 2019-08-25 00:00:00
|v 230.00
|w 2019-08-25
|x N:nákup | 20100430
|y 08
|
| 952 |
|
|
|0 0
|1 0
|4 0
|6 657ŠOLJAKOVÁL
|7 0
|8 BOOK
|9 45724
|a UTBZL
|b UTBZL
|c 010
|d 2006-07-29
|l 0
|o 657/ŠOLJAKOVÁ,L.
|p 420010096584
|q 2099-12-31
|r 2019-08-25 00:00:00
|v 230.00
|w 2019-08-25
|x N:nákup | 20100430
|y 08
|
| 992 |
|
|
|a BK
|b SK
|d 198
|
| 999 |
|
|
|c 24196
|d 24196
|